Herodes: su persona, reinado y dinastía / (Record no. 92317)

MARC details
000 -LEADER
campo de control de longitud fija 00489nam a2200157 i 4500
001 - NÚMERO DE CONTROL
campo de control 92317
003 - IDENTIFICADOR DE NÚMERO DE CONTROL
campo de control ES-MaACL
005 - FECHA Y HORA DE LA ÚLTIMA TRANSACCIÓN
campo de control 20230906180938.0
007 - CAMPO FIJO DE DESCRIPCIÓN FÍSICA--INFORMACIÓN GENERAL
campo de control de longitud fija t|
008 - DATOS DE LONGITUD FIJA--INFORMACIÓN GENERAL
campo de control de longitud fija 050224s1977 sp ||||1| spa d
100 1# - ENTRADA PRINCIPAL--NOMBRE DE PERSONA
Nombre de persona Lida de Malkiel, María Rosa.
9 (RLIN) 72210
245 10 - MENCIÓN DEL TÍTULO
Título Herodes: su persona, reinado y dinastía /
Mención de responsabilidad, etc. María Rosa Lida de Malkiel.
260 ## - PUBLICACIÓN, DISTRIBUCIÓN, ETC.
Lugar de publicación, distribución, etc. [Madrid] :
Nombre del editor, distribuidor, etc. Castalia,
Fecha de publicación, distribución, etc. [1977]
Lugar de publicación, distribución, etc. [Valencia :
Nombre del editor, distribuidor, etc. Soler,
Fecha de publicación, distribución, etc. 1977]
300 ## - DESCRIPCIÓN FÍSICA
Extensión 256 p. ;
Dimensiones 19 cm.
852 ## - LOCALIZACIÓN
Ubicación ES-MaACL
Número de control de estantería A-8715
Sublocalización o colección R.97710
Holdings
Estatus retirado Estado de pérdida Estado de daño No para préstamo Biblioteca de origen Biblioteca actual Ubicación en estantería Fecha de adquisición Fuente de adquisición Total de préstamos Signatura topográfica completa Código de barras Visto por última vez Precio de reemplazo Tipo de ítem Koha
        Biblioteca del Ateneo de Madrid Biblioteca del Ateneo de Madrid Depósito 1 17/01/2008     A-8715 1096381 23/02/2023 23/02/2023 Libro impreso